000 00213 a2200097 4500
001 4572
100 _aGevey,A
245 _aAdvanced mathematics for tech students
260 _a
_bLongmans
_c
090 _c3766
_d3766
942 _aNUST-CAE
_cM
_c30007
999 _c239645
_d239645